000 00994nam a22003137a 4500
003 CHAP
005 20220329135150.0
008 971013s1977 r 00010 d
010 _a31980
011 _a32952
035 _a37067
040 _cCHAP
082 _a631.47
_bN4
110 _aNew York State College of Agriculture and Life Sciences
_981025
245 _aSoil resource inventories ; proceedings of a workshop...
260 _aIthaca :
_bSCALS,
_c1977
300 _a2 v.
_b: ilus. ; gráfs.
490 _aAgronomy mimeo
_v; 23
500 _aFotocopia
590 _aBATCH-UPD
_b10
_c20130110
_lUCH01
_h1757
590 _aBATCH-UPD
_b10
_c20130410
_lUCH01
_h1133
590 _aBATCH-UPD
_b10
_c20130914
_lUCH01
_h1723
590 _aCONVERSION
_b10
_c20130109
_lUCH01
_h1318
650 1 4 _aLevantamiento topográfico.
_966426
830 0 _aAgronomy mimeo
_v; 23
_92199
901 _aBK
942 _cLIBRO
949 _a631.47 N4
_bBC
_cLIBRO
_d33724000079851
_eLIBRO
_h48826
_i37067
_si
_t96.60
999 _c31980
_d31980